000 00422nam a2200157Ia 4500
008 210716s2009 xx 000 0 und d
020 _a9788177585704
041 _aeng
082 _a621.395 KAMR
100 _aKamal, Raj.
245 _aDigital systems: principles and design.
_bPrinciples and design.
250 _a1
260 _aNew Delhi
_bPearson Education
_c2009
300 _axix,524
650 _aDigital Systems
999 _c189702
_d189702